[Event "ISR-ch (Women)"]
[Site "Tiberias"]
[Date "2016.12.09"]
[Round "5"]
[White "Levitan, Ronit"]
[Black "Bejashvili, Irma"]
[Result "1/2-1/2"]
[WhiteElo "1712"]
[BlackElo "1656"]
[PlyCount "97"]
[EventDate "2016.12.05"]
[EventType "swiss"]
[EventRounds "9"]
[EventCountry "ISR"]
[SourceTitle "CBM 176 Extra"]
[Source "ChessBase"]
[SourceDate "2017.03.02"]
[SourceVersion "1"]
[SourceVersionDate "2017.03.02"]
[SourceQuality "1"]

1. e4 c5 2. c3 e6 3. d4 d5 4. exd5 exd5 5. Nf3 a6 6. Bd3 c4 7. Bc2 Bd6 8. 0-0 Ne7 9. b3 b5 10. a4 Bb7 11. Ba3 Nbc6 12. Bxd6 Qxd6 13. Re1 0-0 14. Nbd2 Ng6 15. Rb1 Rab8 16. Nf1 cxb3 17. Bxb3 Na5 18. axb5 axb5 19. Ne3 Nc4 20. Bxc4 bxc4 21. Ng4 Bc6 22. Ra1 Rb3 23. Nge5 Be8 24. Qc2 f6 25. Nd3 Ra3 26. Rxa3 Qxa3 27. Nc5 Bf7 28. h3 Rb8 29. Qc1 Qxc1 30. Rxc1 Nf4 31. Kf1 Bg6 32. Ne1 Rb2 33. Ra1 h5 34. Ra8+ Kh7 35. Ra1 Nd3 36. Nexd3 cxd3 37. Rd1 Rc2 38. Nxd3 Rxc3 39. Nf4 Bf7 40. Ra1 g5 41. Ne2 Rc4 42. Rc1 Rxc1+ 43. Nxc1 Kg6 44. Ke2 Be8 45. Ke3 Bb5 46. f3 Bf1 47. Kf2 Bc4 48. g4 f5 49. Kg2 1/2-1/2

[Event "ISR-chT 1415 (Women)"]
[Site "Beersheba"]
[Date "2015.06.12"]
[Round "3.1"]
[White "Bejashvili, Irma"]
[Black "Brusilovski, Lena"]
[Result "0-1"]
[WhiteElo "1709"]
[BlackElo "1960"]
[PlyCount "68"]
[EventDate "2015.06.11"]
[EventType "team-tourn"]
[EventRounds "5"]
[EventCountry "ISR"]
[SourceTitle "EXT 2016"]
[Source "ChessBase"]
[SourceDate "2015.10.08"]
[SourceVersion "1"]
[SourceVersionDate "2015.10.08"]
[SourceQuality "1"]
[WhiteTeam "Ramat Gan (W)"]
[BlackTeam "Beer Sheva (W)"]
[WhiteTeamCountry "ISR"]
[BlackTeamCountry "ISR"]

1. d4 e6 2. c4 c5 3. d5 d6 4. e4 e5 5. Be2 Nf6 6. Nc3 Be7 7. Be3 Bd7 8. Rc1 0-0 9. g4 Na6 10. h4 Ne8 11. h5 g5 12. hxg6 fxg6 13. Bh6 Rf7 14. Qd2 Nac7 15. Nd1 b5 16. Rc3 bxc4 17. Bxc4 Nb5 18. Bxb5 Bxb5 19. Rch3 a5 20. f4 exf4 21. Bxf4 Nf6 22. Qg2 Bd7 23. Ne3 Qe8 24. Rh6 Bf8 25. e5 dxe5 26. Bg5 Bxh6 27. Rxh6 Rb8 28. Nh3 Qf8 29. Rh4 c4 30. Bxf6 Rxf6 31. Ng5 h6 32. Ne4 Rf4 33. d6 Bc6 34. d7 Bxe4 0-1

[Event "EU-ch 15th"]
[Site "Yerevan"]
[Date "2014.03.08"]
[Round "6"]
[White "Imnadze, Nato"]
[Black "Bejashvili, Irma"]
[Result "1-0"]
[WhiteElo "2100"]
[BlackElo "1749"]
[PlyCount "120"]
[EventDate "2014.03.03"]
[EventType "swiss"]
[EventRounds "11"]
[EventCountry "ARM"]
[SourceTitle "CBM 160"]
[Source "ChessBase"]
[SourceDate "2014.05.15"]
[SourceVersion "1"]
[SourceVersionDate "2014.05.15"]
[SourceQuality "1"]

1. e4 d5 2. exd5 Qxd5 3. Nc3 Qa5 4. d4 c6 5. Bc4 Nf6 6. Nf3 Bg4 7. h3 Bh5 8. g4 Bg6 9. Bd2 Nbd7 10. Qe2 Qc7 11. Ne5 e6 12. 0-0-0 Bd6 13. f4 0-0 14. h4 b5 15. Bb3 b4 16. Na4 Be4 17. g5 Bxh1 18. gxf6 Bd5 19. Nxd7 Qxd7 20. Qg4 g6 21. Nc5 Bxc5 22. dxc5 Qd8 23. Qg5 Bf3 24. Rf1 Be4 25. Bxb4 Kh8 26. Rd1 Qc7 27. Bc3 Rae8 28. Be5 Qb7 29. Bd6 Rg8 30. Qe5 Bd5 31. c4 Bf3 32. Rd3 Bg4 33. a3 h6 34. Rg3 Bf5 35. Bd1 Kh7 36. Rb3 Qa6 37. Be2 Qa5 38. Bf3 Qa6 39. Be2 Qa5 40. Bf1 Qa6 41. Rg3 Qb7 42. Qe1 Ra8 43. Qa5 Rad8 44. Qa4 Rd7 45. Bg2 Rc8 46. Rb3 Qa8 47. Qa6 Bg4 48. Rg3 Bh5 49. b4 Qb7 50. Qxb7 Rxb7 51. b5 Be2 52. Bxc6 Rbc7 53. Bxc7 Rxc7 54. Rc3 Rc8 55. a4 g5 56. fxg5 hxg5 57. hxg5 Kg6 58. Be4+ Kxg5 59. b6 Kxf6 60. b7 Rb8 1-0

[Event "Maccabiah op"]
[Site "Jerusalem"]
[Date "2013.07.21"]
[Round "1"]
[White "Bejashvili, Irma"]
[Black "Kumic, Filip"]
[Result "0-1"]
[WhiteElo "1876"]
[BlackElo "2243"]
[PlyCount "56"]
[EventDate "2013.07.21"]
[EventType "swiss"]
[EventRounds "9"]
[EventCountry "ISR"]
[SourceTitle "EXT 2014"]
[Source "ChessBase"]
[SourceDate "2013.11.20"]
[SourceVersion "1"]
[SourceVersionDate "2013.11.20"]
[SourceQuality "1"]

1. e4 c5 2. Nf3 d6 3. Bb5+ Bd7 4. Qe2 Nc6 5. 0-0 e6 6. Nc3 Be7 7. Bxc6 Bxc6 8. d4 cxd4 9. Nxd4 Bd7 10. Re1 Nf6 11. e5 dxe5 12. Qxe5 0-0 13. Bg5 h6 14. Bh4 Qb6 15. Nf5 exf5 16. Qxe7 Rae8 17. Qa3 g5 18. Bg3 f4 19. Bxf4 gxf4 20. Red1 Re6 21. Nd5 Nxd5 22. Rxd5 Bc6 23. Rf5 Rg6 24. g3 Qd4 25. Re1 fxg3 26. hxg3 Qh4 27. Kf1 Qh1+ 28. Ke2 Re8+ 0-1

[Event "ISR-ch (Women)"]
[Site "Acre"]
[Date "2013.04.08"]
[Round "3"]
[White "Dotan, Valeria"]
[Black "Bejashvili, Irma"]
[Result "1/2-1/2"]
[WhiteElo "2056"]
[BlackElo "1876"]
[PlyCount "91"]
[EventDate "2013.04.06"]
[EventType "swiss"]
[EventRounds "9"]
[EventCountry "ISR"]
[SourceTitle "CBM 153 Extra"]
[Source "ChessBase"]
[SourceDate "2013.04.22"]
[SourceVersion "1"]
[SourceVersionDate "2013.04.22"]
[SourceQuality "1"]

1. Nf3 d5 2. d4 Nf6 3. c4 e6 4. a3 dxc4 5. e3 c5 6. Bxc4 Nc6 7. 0-0 cxd4 8. exd4 Bd6 9. Nc3 0-0 10. Re1 a6 11. Bg5 Be7 12. h3 h6 13. Be3 b5 14. Ba2 b4 15. axb4 Nxb4 16. Bc4 Bb7 17. Rc1 Qb8 18. Ne5 Rc8 19. Be2 Bd6 20. Nc4 Bh2+ 21. Kh1 Nfd5 22. Nxd5 Nxd5 23. Qd2 Nf4 24. Bxf4 Bxf4 25. Ne3 Bc6 26. Rc3 Ra7 27. Rec1 Bd7 28. Bf3 Rxc3 29. Qxc3 Rc7 30. Qd2 Rxc1+ 31. Qxc1 Qb4 32. g3 Bg5 33. Qc3 Qxc3 34. bxc3 a5 35. Bd1 a4 36. c4 Kf8 37. Kg1 Ke7 38. Kf1 a3 39. Bb3 Bxe3 40. fxe3 Kd6 41. Ke2 f5 42. h4 g5 43. hxg5 hxg5 44. Kd2 Ba4 45. c5+ Ke7 46. Kc3 1/2-1/2